000 00523nam a2200169 a 4500
001 000042574
005 20201002040239.0
008 140128s2013 dr a 000 0 spa d
020 _a9789945882896
040 _aDO-SdBNP
_bspa
_cBNPHU
082 _axxxxx
_bxxxxxx
100 1 _aVargas, Kennedy
_934678
245 1 0 _aHistoria del ajedrez dominicano /
_cKennedy Vargas ; corrección Carlos Peña.
260 _aSanto Domingo, :
_bP.E.N.,
_c2013.
300 _a149 p. :
_bil. ;
_c21 cm.
700 1 _aPeña, Carlos,
_ecorr.
_918862
999 _c42063
_d42063